La fracción del pan desde Pablo a Hipólito
Sparad:
| Huvudupphovsman: | |
|---|---|
| Materialtyp: | Bok |
| Språk: | spanska |
| Publicerad: |
Madrid
Fundación Santa María
1986
|
| Serie: | Cátedra de Teología Contemporánea. Curso Sacramentos
|
| Ämnen: | |
| Taggar: |
Lägg till en tagg
Inga taggar, Lägg till första taggen!
|
MARC
| LEADER | 00000nam a2200000 a 4500 | ||
|---|---|---|---|
| 001 | UCW9233 | ||
| 003 | CL-VaPUC | ||
| 008 | 881227e19860000SP |||||||||||||||||spa|d | ||
| 082 | 0 | 4 | |a 234.163 |b MAL |2 21 |
| 100 | |a Maldonado Arenas, Luis |e autor |9 867548 | ||
| 245 | 1 | 3 | |a La fracción del pan desde Pablo a Hipólito |
| 300 | |a 57 p | ||
| 942 | |c BK | ||
| 945 | |d 19881227 00:00:00 | ||
| 260 | |a Madrid |b Fundación Santa María |c 1986 | ||
| 650 | 0 | |a Eucaristía |9 257336 | |
| 583 | |a last modification |c 19881227 00:00:00 |k Rodrigo Vera | ||
| 490 | 0 | |a Cátedra de Teología Contemporánea. Curso Sacramentos | |
| 999 | |c 221256 |d 221254 | ||
| 952 | |0 0 |1 0 |4 0 |6 234_163000000000000_MAL_1986 |7 0 |8 A |9 214384 |a BIBTEO |b BIBTEO |d 2019-11-15 |i 2830019 |o 234.163 MAL 1986 |p 2830019 |r 2025-01-17 |w 2019-11-15 |y BK |k ICR | ||